Geography Quiz

Random Geography or Asia Quiz

Asian Countries Venn Diagram Quiz Stats

 Plays Quiz Updated Feb 25, 2018

Challenge
Share
Tweet
Score 0/8 Timer 02:00
4 Plays Today
% Correct
China
80%
Vietnam
73.7%
North Korea
73.1%
Singapore
69.2%
Kyrgyzstan
68.1%
India
66.7%
Laos
65.2%
Turkmenistan
59.3%

You're not logged in!

Compare scores with friends on all Sporcle quizzes.
Join for Free
OR
Log In

You Might Also Like...

Show Comments

Extras

Top Quizzes Today


Score Distribution

Your Account Isn't Verified!

In order to create a playlist on Sporcle, you need to verify the email address you used during registration. Go to your Sporcle Settings to finish the process.

Report this User

Report this user for behavior that violates our Community Guidelines.

Details: